000 00544nam a22001697a 4500
999 _c12098
_d12098
008 190116b ||||| |||| 00| 0 eng d
020 _a971-542-291-8
082 _22001
_aDFil 899.211
_bP53
245 _aWhy the sky is high (Hiligaynon) /
_cDamiana L. Eugenio (Compiler and Editor)
260 _aQuezon City:
_bUP Press,
_c2001
300 _aPage 108;
_c23 cm.
500 _aPhilippine Folk Literature
650 _aMythology
_934308
650 _aLegends
_934309
650 _aPhilippine folk literature (English)
_934310
942 _2ddc
_cDFIL